| 000 | 00891nam a22002295i 4500 | ||
|---|---|---|---|
| 001 | 156761 | ||
| 003 | ES-MaACL | ||
| 005 | 20230906210506.0 | ||
| 008 | 040804s1878 fr |||| | fre d | ||
| 040 |
_aCAM _bspa _cCAM |
||
| 100 | 0 |
_aLabiche, Eugène. _969236 |
|
| 245 | 1 | 3 |
_aLa cagnotte _b: comédie-vaudeville en cinq actes / _cde Eugène Labiche et A. Delacour. |
| 250 | _aNouvelle éd. | ||
| 260 |
_aParis : _bE. Dentu éditeur, _c1878 ( _fImp. de E. Bonnaud) |
||
| 300 |
_a118, [1] p. ; _c20 cm. |
||
| 490 | 1 | _aRépertoire du théatre moderne | |
| 500 | _aReprésentée pour la première fois sur le théatre du Palais-Royal le 22 février 1864. | ||
| 700 | 1 | 1 |
_aDelacour, Alfred. _943281 |
| 830 | 0 |
_aRépertoire du théatre moderne _9221715 |
|
| 852 |
_aES-MaACL _jT-729-F-5 _z-- Enc. hol. conservando la cub. original _z-- Enc. en un vol. facticio |
||
| 999 |
_c156761 _d156761 |
||